MARC

LEADER 00000nam0a2200000 4500
001 279863
005 20231101235242.0
020 |a RU  |b 86-55691 
035 |a (RuTPU)RU\TPU\book\303168 
090 |a 279863 
100 |a 20141224d1986 m y0rusy5003 ca 
101 0 |a rus 
102 |a RU 
105 |a a j 000zy 
200 1 |a Экономический анализ хозяйственной деятельности предприятий и объединений  |e учебник для вузов  |f под ред. С. Б. Барнгольц, Г. М. Тация 
205 |a 3-е изд., перераб. и доп. 
210 |a Москва  |c Финансы и статистика  |d 1986 
215 |a 407 с.  |c ил. 
300 |a Авт. указаны на обороте тит. л. 
606 1 |a Промышленные предприятия  |x Анализ хозяйственной деятельности  |x Экономический анализ  |2 stltpush  |3 (RuTPU)RU\TPU\subj\52570  |9 70982 
610 1 |a анализ хозяйственной деятельности 
610 1 |a экономический анализ 
610 1 |a основные фонды 
610 1 |a технический уровень 
610 1 |a себестоимость 
610 1 |a затраты 
610 1 |a резервы 
610 1 |a финансовое состояние 
610 1 |a оборотные средства 
610 1 |a сводные отчеты 
610 1 |a капитальное строительство 
610 1 |a агропромышленные предприятия 
610 1 |a торговые организации 
610 1 |a материально-техническое снабжение 
610 1 |a учебники 
675 |a 658.012.12(075.8)  |z rus  |v 3 
702 1 |a Барнгольц  |b С. Б.  |g Сарра Бенционовна  |4 340 
702 1 |a Таций  |b Г. М.  |4 340 
801 0 |a RU  |b RuMRKP  |c 19950704  |g psbo 
801 1 |a RU  |b 63413507  |c 20141224 
801 2 |a RU  |b 63413507  |c 20160127  |g RCR 
942 |c BK